[Event "Tradewise Gibraltar Chess Festival 2017"]
[Site "Caleta Hotel, Gibraltar"]
[Date "2017.01.24"]
[Round "1.16"]
[White "Lombaers, Peter"]
[Black "Short, Nigel D"]
[Result "1/2-1/2"]
[WhiteElo "2314"]
[BlackElo "2675"]
[Annotator "Saunders,John"]
[PlyCount "133"]
[EventDate "2017.01.24"]
[WhiteClock "0:09:54"]
[BlackClock "0:39:13"]

1. d4 Nf6 2. c4 e6 3. Nc3 Bb4 4. e3 d5 5. cxd5 exd5 6. Bd3 c5 7. Nge2 Nc6 8. a3
cxd4 9. axb4 dxc3 10. b5 Ne5 11. bxc3 O-O 12. O-O Re8 13. Nf4 b6 14. Ra4 Bb7
15. Bb2 Qc7 16. Qc2 Nc4 17. Rfa1 Ne4 18. Rxa7 Rxa7 19. Rxa7 Qc8 20. Ra4 g6 21.
Ba3 Qd7 22. Bxc4 dxc4 23. Rxc4 Ra8 24. Rd4 Qxb5 25. Bb4 Nc5 26. f3 Ba6 27. Rd1
Bb7 28. e4 Qc4 29. Qd2 Bc6 30. Qd4 Qb3 31. h4 h5 32. Qd6 Nb7 33. Qd3 Rd8 34.
Nd5 Bxd5 35. exd5 Nd6 36. Bxd6 Rxd6 37. c4 Qb4 38. Qd4 Kh7 39. Kh2 Rd7 40. d6
Qa4 41. Rb1 Rb7 42. Qd5 Ra7 43. Rxb6 Qe8 {[#] Now it is almost harder to find
a move that doesn't win than one that does.} 44. Rb4 (44. c5 {is the logical
continuation but White was worried by the mirage of} Ra4 {, so doubly protects
aginst the possibility. And yet, had he played it, the computer shows it is an
empty threat, e.g.} 45. Rb1 $1 Rxh4+ 46. Kg3 Ra4 47. c6 {when, despite the
apparently exposed position of the white king, Black actually has nothing and
the joint passed pawns on the sixth rank win automatically.}) 44... Qe1 {
Forking the rook on b4 and the pawn on h4. This time the threat to the h-pawn
does matter.} 45. Qd4 Qxb4 46. Qxa7 Qxd6+ 47. g3 {White has succeeded in
keeping the game going but his chances of winning have evaporated.} Qd2+ 48.
Kh3 Kg7 49. Qa1+ Kg8 50. Qf1 Qc2 51. g4 hxg4+ 52. fxg4 Qc3+ 53. Kg2 Qc2+ 54.
Kf3 f5 55. Qe2 fxg4+ 56. Kf2 Qc3 57. Qxg4 Qd2+ 58. Kf1 Qc1+ 59. Ke2 Qc2+ 60.
Ke3 Qc3+ 61. Kf2 Qd2+ 62. Kg3 Qc3+ 63. Kg2 Qc2+ 64. Kh3 Qd3+ 65. Qg3 Qxc4 66.
Qxg6+ Kh8 67. Qh6+ 1/2-1/2

[Event "Tradewise Gibraltar Chess Festival 2017"]
[Site "Caleta Hotel, Gibraltar"]
[Date "2017.01.24"]
[Round "1.7"]
[White "Topalov, Veselin"]
[Black "Paehtz, Thomas"]
[Result "1-0"]
[WhiteElo "2739"]
[BlackElo "2365"]
[Annotator "Saunders,John"]
[PlyCount "31"]
[EventDate "2017.01.24"]
[WhiteClock "1:13:30"]
[BlackClock "0:55:51"]

1. d4 e6 2. Nf3 f5 3. Bf4 {It is curious how this sort of line was once
considered to be stodgy club player fare but is now being embraced by
aggressive super-GMs.} Nf6 4. e3 b6 5. Be2 Bb7 6. O-O Be7 7. c4 Ne4 8. Nfd2
Nxd2 9. Nxd2 O-O 10. Bf3 d5 11. cxd5 exd5 12. Rc1 c6 13. Qa4 b5 14. Qb3 {[#]}
Nd7 $4 {Black's pawn centre looks impregnable but a tactical shot blows it
wide open.} 15. Bxd5+ $1 cxd5 16. Rc7 $1 (16. Rc7 {Black can't doing anything
about a tactic to win back a piece and secure a two-pawn advantage, e.g.} Rb8
17. Rxb7 Rxb7 18. Qxd5+ {and recaptures on b7.}) 1-0

[Event "Gibraltar Masters"]
[Site "Caleta Hotel"]
[Date "2017.01.25"]
[Round "2.36"]
[White "Deac, Bogdan-Daniel"]
[Black "Herman, Matthew J"]
[Result "1-0"]
[WhiteElo "2572"]
[BlackElo "2383"]
[Annotator "Saunders,John"]
[PlyCount "61"]
[EventDate "2017.??.??"]
[WhiteClock "0:43:52"]
[BlackClock "0:09:51"]

1. c4 e5 2. Nc3 Nc6 3. Nf3 Nf6 4. g3 g6 5. Bg2 Bg7 6. d4 exd4 7. Nxd4 O-O 8.
O-O Re8 9. Nc2 d6 10. Bg5 h6 11. Bd2 Ne5 12. b3 c6 13. Rc1 Be6 14. Nd4 Bc8 15.
h3 Ned7 16. Qc2 Nc5 17. Rcd1 Nfd7 18. Bc1 a5 19. e4 Qb6 20. Be3 {[#]In a
King's Indian Defence type of position, Black opts to move his queen away from
any possible danger on the same diagonal as the bishop on e3.} Qb4 $4 (20... a4
{is a perfectly reasonable alternative, when} 21. Rb1 Qb4 {is only slightly
worse for Black.}) 21. Ncb5 $1 {Now the queen is trapped behind enemy lines.}
cxb5 22. Bd2 bxc4 (22... Qa3 23. Nxb5 {is terminal.}) 23. Bxb4 {and Black
staggered on for a further eight pointless moves.} axb4 24. Nb5 Ne5 25. Nxd6
Be6 26. Nxe8 Rxe8 27. f4 Ned3 28. bxc4 Nb2 29. Rd5 Bxd5 30. cxd5 Ncd3 31. e5
1-0

[Event "Gibraltar Masters"]
[Site "Caleta Hotel"]
[Date "2017.01.25"]
[Round "2.31"]
[White "Batchimeg, Tuvshintugs"]
[Black "Lalith, Babu M R"]
[Result "1-0"]
[WhiteElo "2390"]
[BlackElo "2587"]
[Annotator "Saunders,John"]
[PlyCount "71"]
[EventDate "2017.??.??"]

1. d4 g6 2. e4 Bg7 3. Nc3 c6 4. f4 d5 5. e5 Nh6 6. Nf3 Qb6 7. Na4 Qc7 8. Be3 f6
9. Be2 Ng4 10. Bd2 Nd7 11. O-O b5 12. Nc3 Nb6 13. b3 O-O 14. h3 Nh6 15. Bd3 b4
16. Ne2 c5 17. dxc5 Qxc5+ 18. Kh1 Nf5 19. Qe1 a5 20. Ng3 fxe5 21. Nxe5 Qd6 22.
Rd1 Nxg3+ 23. Qxg3 Bf5 24. Rfe1 Nd7 25. Bxf5 Rxf5 26. Nxd7 Qxd7 27. c3 Qd6 28.
cxb4 axb4 29. Qe3 Rxa2 30. Qxe7 Qxe7 31. Rxe7 Bc3 32. Be3 d4 33. Bxd4 Rd5 34.
Re4 Rb2 {[#]} 35. Kh2 {An innocuous looking move but actually a sneaky trick.}
Kf7 $4 36. Bxc3 $1 (36. Bxc3 {White snares a free piece. Black previously had
a defence to this move by virtue of ...Rxd1 being check, but 35.Kh2 had
negated this option.} Rxd1 37. Bxb2) 1-0

[Event "Gibraltar Masters"]
[Site "Caleta Hotel"]
[Date "2017.01.26"]
[Round "3.21"]
[White "Steinberg, Nitzan"]
[Black "Svidler, Peter"]
[Result "1/2-1/2"]
[WhiteElo "2486"]
[BlackElo "2748"]
[Annotator "Saunders,John"]
[PlyCount "88"]
[EventDate "2017.??.??"]

1. e4 c5 2. Nf3 Nc6 3. d4 cxd4 4. Nxd4 e6 5. Nc3 a6 6. Be3 Nf6 7. Be2 d6 8. O-O
Bd7 9. f4 Be7 10. Nb3 b5 11. a3 O-O 12. g4 Bc8 13. g5 ({Nigel Short played} 13.
Qe1 {and won an important game in the 1997 FIDE World Knock-Out Championship
against Andrei Sokolov.}) 13... Nd7 14. Rf3 Bb7 15. Rg3 Re8 16. Bf1 Bf8 17. Qg4
g6 18. Rd1 Rc8 19. Rh3 f6 {It doesn't look obligatory to make this advance -
if the queen and rook attack down the h-file, Black could play his bishop to
g7 when Qxh7+ doesn't give mate and the king can sit safely on f8 awhile - but
Svidler prefers to defend more actively.} 20. Qh4 Qe7 21. f5 exf5 ({Exposing
the black king to an attack with} 21... gxf5 $2 22. Rg3 {looks inadvisable.})
22. Nd5 Qf7 23. exf5 Nce5 24. Bg2 Rxc2 {[#]The position is getting very messy
and hard to calculate.} 25. Be4 Rc4 ({The nerveless analysis engine goes on
taking material with} 25... Rxb2 {but the human brain fears the power of} 26.
Na5 fxg5 27. Qxg5 Ba8 28. Rg3 {, etc.}) 26. Nd4 fxg5 27. Bxg5 gxf5 28. Bxf5 Ng6
(28... Bxd5 $2 {and Black will soon get mated after} 29. Bxh7+ Kg7 30. Bb1) 29.
Bxg6 Qxg6 30. Rg3 Bxd5 {Black has no option other than to try to get as much
material for the queen as possible should White reveal a pin on the g-file. At
the moment the price for the queen is such that Black should be OK.} 31. b3 ({
If White tries} 31. Bc1 $2 {Black has} Re4 $1 {and gets a rook and two pieces
for the queen.}) 31... Rc3 $6 ({An alternative to this visually attractive but
risky deflection is} 31... Re4 32. bxc4 Rxh4 33. Bxh4 bxc4 34. Rxg6+ hxg6 {
when Black emerges with two pawns for the exchange, but not enough to win.})
32. Rxc3 Re4 ({The computer finds} 32... Nf6 $5 {(or 32...Nc5), getting the
knight to e4 to aid the defence.}) 33. Rg3 Kh8 34. Qh3 $1 {Now Black doesn't
have enough compensation for the exchange.} Bg7 35. Qxd7 Rxd4 {[#]} 36. Qd8+ $2
({After the game Steinberg mentioned} 36. Rc1 {as a possible improvement, but
the computer finds even stronger possibilities}) (36. Bd2 $1 {seems to be a
killer, which Steinberg also mentioned in passing at his post-game interview:}
Qf7 37. Qd8+ Qg8 38. Qxg8+ Bxg8 39. Rxg7 $1 Kxg7 40. Bc3 {is the end.}) 36...
Bg8 37. Rf1 Rd3 38. Rg2 Bd4+ 39. Kh1 {Now Black has to find one more good move
to save himself. He succeeds...} Rf3 $1 40. Rd1 Qf7 {[#]Suddenly the tide
seemed to have turned and Black is threatening mate. But a member of the
audience in the commentary room, Odin Blikra Vea, spotted a saving resource.
Watching Steinberg on the overhead webcam, it seemed as if the Israeli
teenager was worried. But a sense of relief and excitement visibly pulsed
through his body. Commentators Simon Williams and Jovanka Houska were willing
him on - "is he going to play it? Go on, Nitzan!" ...} 41. Rdg1 $1 {Yes! He
found the neat combination which saves a half-point.} Bxg1 42. Bf6+ $1 Rxf6 43.
Rxg8+ Qxg8 44. Qxf6+ Qg7 {Of course it is now an easy perpetual check, with
the white queen swinging back and forth from d8 to f6.} 1/2-1/2

[Event "Gibraltar Masters"]
[Site "Caleta Hotel"]
[Date "2017.01.26"]
[Round "3.18"]
[White "Kobo, Ori"]
[Black "Ju, Wenjun"]
[Result "0-1"]
[WhiteElo "2482"]
[BlackElo "2583"]
[Annotator "Saunders,John"]
[PlyCount "44"]
[EventDate "2017.??.??"]
[WhiteClock "0:36:35"]
[BlackClock "1:05:56"]

1. d4 Nf6 2. c4 e6 3. Nc3 Bb4 4. f3 d5 5. a3 Bxc3+ 6. bxc3 c5 7. cxd5 Nxd5 8.
dxc5 f5 9. Nh3 Qa5 10. Bd2 Qxc5 11. c4 Ne3 12. Qc1 Nxf1 13. Kxf1 Nc6 14. Nf4
O-O 15. Rb1 Rd8 16. Nd3 Qd6 17. c5 Qc7 18. Bc3 e5 19. Qe3 f4 20. Qe4 Qf7 {[#]
As Simon Williams pointed out in the commentary room, this is like one of
those retrograde analysis puzzles that appear in chess magazines. How did the
bishop on f1 come to be missing from the board? But, more to the point is the
temptation of the e5-pawn. To take or not to take? White was tempted...} 21.
Nxe5 $4 Nxe5 22. Qxe5 Rd5 $1 (22... Rd5 {Oops. The only move not to lose the
queen is} 23. Qe4 {when} Bf5 {skewers a whole rook.}) 0-1

[Event "Gibraltar Masters"]
[Site "Caleta Hotel"]
[Date "2017.01.27"]
[Round "4.2"]
[White "Sutovsky, Emil"]
[Black "Vitiugov, Nikita"]
[Result "1-0"]
[WhiteElo "2628"]
[BlackElo "2724"]
[Annotator "Saunders,John"]
[PlyCount "93"]
[EventDate "2017.??.??"]

1. e4 e5 2. Nf3 Nc6 3. Bb5 a6 4. Ba4 Nf6 5. O-O Be7 6. Re1 b5 7. Bb3 d6 8. c3
O-O 9. h3 Nb8 10. d4 Nbd7 11. Nbd2 Bb7 12. Bc2 Re8 13. Nf1 Bf8 14. Bg5 h6 15.
Bh4 g6 16. N3d2 c6 17. Qf3 Bg7 18. Ne3 Qb6 19. Bxf6 Nxf6 20. dxe5 dxe5 21. b4
c5 22. Nb3 cxb4 23. cxb4 Rad8 24. Nc5 Rd4 25. a3 Red8 26. Ng4 Nxg4 27. hxg4 Bc8
28. Bb3 Qf6 29. Bd5 {[#]} Qf4 ({Engines approve of the text move but,
somewhere beyond their horizon, there prove to be problems. Engines also toy
with} 29... Bxg4 $5 {, which is very tricky, but it may also run in
difficulties after} 30. Qxg4 $5 R8xd5 31. Nb3 Rc4 32. Na5 {, etc.}) 30. Nb3 {
Now Black is obliged to give up the exchange for two pawns.} R4xd5 31. exd5
Bxg4 32. Qxf4 exf4 33. Rac1 Bb2 $6 ({Things start to go wrong after this as
White is now able to defend and maintain his shaky-looking d-pawn.} 33... Rxd5
{probably equalises, though White can still put pressure on the weak a and f
pawns.}) 34. Rc5 Bxa3 35. Re4 g5 36. Na5 {[#]Normally it is undesirable to be
compelled to defend isolated pawns with rooks, and still more so to put the
knight on the edge of the board, but here White's position hangs together
rather well and Black's two bishops aren't that great either.} Bb2 37. Nc6 {A
knight on the rim may sometimes be dim but when it gets to c6, it can deliver
hard kicks.} Rd6 38. Ne7+ Kf8 39. Rc6 Rd7 40. Rxa6 {The threat of Ra8+
indirectly defends the apparently loose knight on e7.} Rc7 41. Nc6 Rd7 42. Re8+
{The point of this pretty tactic (if Black captures, White mates in two) is to
force the black king away from the d-pawn's march forward.} Kg7 43. Rd8 {
Another reversal of usual positional expectations as the rook supports the
advance of the d-pawn from the 'wrong' side.} Rxd8 44. Nxd8 Bf5 (44... Be5 45.
Ra7 Bh5 46. Rb7 {and the b-pawn drops off. Black's two bishops are curiously
impotent in the face of White's threats.}) 45. d6 Bc3 (45... Be5 46. Nc6 {is
equally hopeless since} Bxd6 {loses a piece to} 47. Nd4 {, attaching both
bishops at once.}) 46. Nc6 Kf6 47. Ra7 {Now White simply marches the d-pawn
through.} 1-0

[Event "Gibraltar Masters"]
[Site "Caleta Hotel"]
[Date "2017.01.27"]
[Round "4.4"]
[White "Ju, Wenjun"]
[Black "Shankland, Samuel L"]
[Result "1-0"]
[WhiteElo "2583"]
[BlackElo "2674"]
[Annotator "Saunders,John"]
[PlyCount "85"]
[EventDate "2017.??.??"]

1. d4 Nf6 2. c4 e6 3. g3 c5 4. d5 exd5 5. cxd5 d6 6. Nc3 g6 7. Nf3 Bg7 8. Bg2
O-O 9. O-O Re8 10. Re1 Nbd7 11. Bf4 Ng4 12. Rc1 (12. h3 Nge5 {was the
continuation in a couple of games in 2016, both involving at least one Chinese
player.}) 12... Nde5 13. Ne4 Bf5 14. Nfd2 h6 15. h3 Nf6 16. Nc3 Rb8 17. g4 Bc8
18. Bg3 b5 19. b3 a6 20. f4 {[#]} Nexg4 $1 {The boldest continuation. Black
gets plenty of positional compensation, as well as two pawns, for the piece.}
21. hxg4 Nxg4 22. Nf3 Ne3 $6 (22... b4 {first looks more forceful. After} 23.
Na4 Ne3 24. Qd2 {Black has the possibility of} c4 $5 {when} 25. bxc4 $2 Qa5 {
would leave White in great difficulties.}) 23. Qd2 Bb7 24. Bf2 Nxg2 25. Kxg2 b4
26. Nd1 Qd7 27. Rc4 a5 28. Ne3 $6 (28. e4 {looks more natural.}) 28... Ba6 29.
Rcc1 Re4 30. Nc4 Bc3 ({It seems a shame to take the exchange since Black comes
to miss the considerable dominance afforded by the dark-squared bishop on the
long diagonal.} 30... Bxc4 31. bxc4 a4 {looks quite pleasant for Black.}) 31.
Rxc3 bxc3 32. Qxc3 Bxc4 33. bxc4 Rxf4 34. Bg3 Rg4 35. Kf2 Qe7 36. e4 {[#]As in
the previous round Ju Wenjun offers her opponent a hot e-pawn and she must
have been both amazed and delighted to see lightning strike twice.} Rxe4 $4 37.
Bxd6 $1 {This barely merits an exclamation mark. I like to think even a player
of my limited powers could have found this shot since there is hardly anything
to calculate.} Qxd6 38. Rxe4 g5 {True, Black has three connected passed pawns
but they do not constitute compensation here since White's advanced d-pawn is
poised to get the job done rather sooner.} 39. Qe5 Qf8 (39... Qxe5 40. Nxe5 Rd8
41. Nd3 {and it is all rather easy.}) 40. Re2 Rd8 {Making White's task a
little easier though there was nothing to be done anyway.} 41. Nxg5 hxg5 42.
Qxg5+ Kh7 43. Re4 1-0

[Event "Gibraltar Masters"]
[Site "Caleta Hotel"]
[Date "2017.01.28"]
[Round "5.4"]
[White "Adams, Michael"]
[Black "Hou, Yifan"]
[Result "1-0"]
[WhiteElo "2751"]
[BlackElo "2651"]
[Annotator "Saunders,John"]
[PlyCount "139"]
[EventDate "2017.??.??"]

1. c4 c5 2. Nf3 Nc6 3. d4 cxd4 4. Nxd4 Nf6 5. Nc3 e6 6. a3 Bc5 7. Nb3 Be7 8. e4
O-O 9. Be2 b6 10. O-O Bb7 11. Be3 (11. f4 {was played against Hou Yifan by
Inarkiev in a blitz game in 2016 so Adams would still have been in his
preparation. The text move has been played more frequently than 11.f4.}) 11...
d6 12. f4 {It has actually transposed back to the Inarkiev game but now Hou
Yifan varies from the 12...a6 she played on that occasion.} Rc8 13. Rc1 Nb8 14.
Qd3 a6 {Finally departing from known paths.} 15. Nd4 Nc6 16. b4 Nxd4 17. Bxd4
Nd7 18. Qg3 Bf6 19. Rfd1 Qc7 ({After this White develops a considerable
initiative. Stockfish recommends} 19... e5 20. Be3 exf4 21. Bxf4 Be5 {, etc.})
20. Bxf6 Nxf6 21. e5 dxe5 22. fxe5 Nd7 23. Rd6 {Now Black is in danger of
being enmeshed in a typical Adams web (he's not called 'the Spider' for
nothing) so she has to react, even though it means weakening her e6-pawn.} f6
24. exf6 (24. Bg4 $5 {looks quite dangerous.}) 24... Rxf6 25. Bd3 Rcf8 ({One
wonders what Adams had in mind after} 25... e5 {. Perhaps} 26. Rxf6 (26. Bxh7+
Kxh7 27. Qh3+ Kg8 28. Rxd7 Qxc4 {is tempting but there is no obvious follow-up
for White}) 26... Nxf6 27. Re1 {gives him a small edge}) 26. Rd1 g6 27. Be2 {
[#]} Nc5 $5 (27... Rf2 {is hard to calculate at the board. There could follow}
28. Rxd7 $5 Qxg3 29. hxg3 Rxg2+ 30. Kh1 {- it would take nerves of steel for
White to play into a line where Black threatens to unleash a horrendous
discovered check, but here White can successfully walk the tightrope -} Bc6 31.
Rc7 Ba8 32. Ra7 Rxg3+ {- seemingly the only move -} 33. Kh2 Rxc3 34. Rdd7 {and
the complexities are still far from over though the analysis engine would have
us believe White is better. Few human players would risk entering such a
labyrinth of complexity. Instead Hou Yifan prefers to conjure up a slightly
different tactical melee, which she probably thought might give her the edge
over an opponent who generally prefers quieter, more positional paths.}) 28.
Qe3 (28. bxc5 Qxc5+ 29. Kh1 Rf2 30. Rg1 Bxg2+ 31. Rxg2 Rf1+ 32. Bxf1 Rxf1+ 33.
Rg1 Rxg1+ 34. Qxg1 Qxd6 {and Black has two pawns for the knight, with the near
certainty of gaining a third. Adams, typically, prefers to apply a little more
positional pressure, forcing Black's reply.}) 28... Rf2 29. Qxf2 Rxf2 30. Kxf2
{White has two rooks for his queen but he expects to win more material since
the knight has no good move (if it goes to b3, the rooks will fork the black
queen after a check).} Kg7 (30... Bd5 $5 {may be good now, when analysis
engines consider the position to be about equal, though White can get rook and
two minor pieces for the queen. However, Black will gain a number of pawns by
way of compensation and the white king won't be safe from checks. If} 31. bxc5
Qxc5+ 32. Kf1 Qxd6 33. cxd5 Qxa3 34. Ne4 exd5 35. Rxd5 Qc1+ 36. Kf2 Qf4+ 37.
Bf3 Qxh2 {, etc. But the position reached is similar to the game, which of
course Adams managed to win.}) 31. bxc5 Qxc5+ 32. R1d4 $2 ({After} 32. Kf1 {
the Bd5 idea doesn't work as White checks on d7 and grabs the material. As
played, White has to do something about the loose rook left on d4.}) 32... Bd5
$1 33. Rd7+ Kh6 34. Ke3 Bc6 35. Ne4 Qxa3+ 36. Kf2 Qf8+ 37. Bf3 Bxd7 38. Rxd7
Qc8 39. Ra7 Qxc4 40. h4 Qd4+ 41. Kg3 Qe5+ 42. Kh3 Qf5+ 43. Kg3 Qe5+ 44. Kh3
Qf5+ {Quite a lot of spectating GMs thought Adams might go for the repetition
at this point but not so.} 45. Kh2 Qf4+ {[#]} 46. g3 $1 {A big decision, based
on a little combination leading to a N+PP versus PPPPP endgame which is by no
means easy to evaluate.} Qxf3 47. Rxh7+ Kxh7 48. Ng5+ Kg7 49. Nxf3 a5 50. g4 {
[#]} a4 ({This could well be the final error. Instead} 50... Kf6 {is much
harder to break down.}) 51. Nd4 {Threatening to immobilise the queenside pawns
with Nb5 so Black must continue the advance.} a3 52. Nxe6+ $1 {White just has
time to snaffle this pawn.} Kf6 53. Nd4 Ke5 54. Nc2 Kf4 55. Kh3 a2 56. g5 b5
57. Na1 b4 58. Nb3 Ke5 {[#]} 59. h5 $1 {The only winning move, but by now a
reasonably easy one to find.} (59. Kg3 $2 Kd5 $1 60. h5 Kc4 {is only a draw.})
59... gxh5 60. Kh4 Kd5 61. g6 (61. Kxh5 $2 {only draws, as per the previous
note.}) 61... Kc4 62. Na1 Kc3 63. g7 Kb2 64. g8=Q Kxa1 65. Qc4 {Threatening
mate in one so the king must move.} Kb2 66. Qxb4+ Kc2 67. Qa3 Kb1 68. Qb3+ Ka1
69. Kg5 {Black's h-pawn is the instrument of her own destruction. Without it
on the board the position would be a draw.} h4 70. Qc2 1-0